00727cam a2200217 i 4500008004100000020002100041245009600062260004300158300003600201504003900237650003800276650003000314650003000344650005000374650001500424700002200439700002100461003000100482005001700483040000900500  a0444003592(hbk.)00aIntroduction to environmental toxicology /cedited by Frank E. Guthrie and Jerome J. Perry. aNew York :bElsevier-New York,cc1980. axxvii, 484 p. :bill. ;c26 cm. aIncludes bibliographies and index. 0aPollutionxEnvironmental aspects. 0aEnvironmental toxicology. 0aEnvironmental protection. 2aEnvironmental Pollutionxprevention & control 2aToxicology1 aGuthrie, Frank E.1 aPerry, Jerome J.20230123134324.0 cNUST